00851nam a2200169Ia 450000500170000000800410001702000180005808200130007610000210008924500210011026000270013150003770015865000120053594200120054799900190055995201030057820250723104353.0250723s9999 xx 000 0 und d a9781439154267 a947bNAG aNagorski, Andrew 0aBirth of Freedom bSimon & Schusterc2008 aFrom Simon & Schuster, The Birth of Freedom, author Andrew Nagorski provides an unprecedented personal look at the individuals and issues in the newly free nations of Eastern Europe. Andrew Nagorski takes readers into the hearts of Poland, Hungary, the Czech Republic, and Slovakia as they undergo the painful yet exhilarating transformation into modern democratic states. aHistory cENGLISH c576924d576924 00104070aACLbACLc7Bd2025-07-23l0o947 NAGp474192r2025-07-23 10:43:53w2025-07-23yENGLISH